| 000 | 00875nam a22002417a 4500 | ||
|---|---|---|---|
| 999 |
_c15300 _d15300 |
||
| 003 | AR-CdUCM | ||
| 008 | 190426b ||||| |||| 00| 0 spa d | ||
| 020 | _a978-607-16-1521-3 | ||
| 040 |
_aMUNICIPALIDAD PROVINCIAL DEL CUSCO _cBIBLIOTECA MUNICIPAL DEL CUSCO |
||
| 082 |
_aPI / 808.06 / _bM36 |
||
| 100 |
_aMeschenmoser, Sebastian _934259 |
||
| 245 | _aMartín y la primera nevada / | ||
| 260 |
_aMéxico D.F. : _bFondo de cultura económica, _c2013. |
||
| 300 |
_a64 paginas ; _bIlustraciones, _c22 cm. |
||
| 440 |
_aColección los especiales a la orilla del viento _934338 |
||
| 500 | _aTitulo original : Herr Eichhorn und den erste schnee | ||
| 650 |
_aLiteratura infantil _9588 |
||
| 650 |
_aLa nevada _934343 |
||
| 650 |
_aTexto de aventura _934344 |
||
| 700 |
_aSantos cuesta, Margarita (Traducción) _934345 |
||
| 942 |
_2ddc _cLIBROS |
||
| 945 |
_awnts _d2019-04-26 |
||